It looks like you're offline.
Open Library logo
additional options menu

MARC Record from Library of Congress

Record ID marc_loc_2016/BooksAll.2016.part01.utf8:42264891:792
Source Library of Congress
Download Link /show-records/marc_loc_2016/BooksAll.2016.part01.utf8:42264891:792?format=raw

LEADER: 00792cam a22002534a 4500
001 00060559
003 DLC
005 20150327073329.0
008 000718s2000 nyua b 001 0 eng
010 $a 00060559
020 $a1581150644 (pbk.)
040 $aDLC$cDLC$dDLC
042 $apcc
050 00 $aNC998$b.H455 2000
082 00 $a741.6/09/04$221
100 1 $aHeller, Steven.
245 10 $aGraphic design time line :$ba century of design milestones /$cSteve Heller, Elinor Pettit.
246 3 $aGraphic design timeline
260 $aNew York :$bAllworth Press,$cc2000.
300 $axi, 259 p. :$bill. ;$c25 cm.
504 $aIncludes bibliographical references (p. 247-249) and index.
650 0 $aCommercial art$xHistory.
650 0 $aGraphic arts$xHistory.
700 1 $aPettit, Elinor.